Регионална библиотека "Любен Каравелов" - Русе

Семейство Лисичеви (Запис номер 151750)

MARC детайли
000 -Лидер
Контролно поле с фиксирана дължина 01608nam a2200349 a 4500
003 - Код на организацията, давaща контролен номер
Контролно поле BLK
005 - Дата и час на последна редакция
Контролно поле 20250710111501.0
008 - Елементи от данни с фиксирана дължина
fixed length control field 180410b bul|||||r ||||||| ||bul||
020 ## - Международен стандартен номер на книга ISBN
Международен стандартен номер на книга ISBN 9789544318369
040 ## - Източник на каталожния запис
Идентификатор на билиотеката - собственик на записа BLK
041 ## - Код за език
Код за езика на текст/звукозапис или на отделно заглавие Български
Код за езика КДБФ Български
072 #7 - Код за тематичната категория
Код организация bullib
Код за тематична категория Н85
Текст Детска художествена литература Н
080 ## - УДК
Текстов определител УДК Сръбска литература
УДК код - определител по УДК 821.163.41
УДК определител -93-34
УДК - код + определител 821.163.41-93-34
100 1# - Редна дума - Автор
Автор Малетич, Гордана
Авторска отговорност първи автор
R(LIN) 91606
139 ## - Редно поле
Редна дума Малетич, Гордана
Авторски знак Мале - М 21
245 10 - Сведения за заглавието
Заглавие Семейство Лисичеви
Редно поле (дума) Гордана Малетич ; прев. Галина Златина ; ил. Ана Григориев.
257 ## - Страна на издаване
Страна на създаване/издаване Сърбия
260 ## - Област на издателските данни
Място на издаване, разпространение и проч. София
Име на издателя, разпространителя и проч. Златното пате
Година на издаване 2012
Печатница София : ЦИАН
300 ## - Физическа характеристика
Страници 18 с.
Илюстрации и др. с цв. ил.
Размери/Мащаб 23 см
380 ## - Жанр
Жанр Детска худож. лит.
490 ## - СЕРИИ (Колекции)
Име на серия Моите мили съседи
9 (RLIN) 207640
№: серия 3
500 ## - Общи забележки
Забележка Без сведение за ориг. загл. - Кор. опис. - Кн. отпеч. с нестандартна форма. - Галина Златина - псевд. на Галина Йорданова Златарева.
700 ## - Други автори (авторска отговорност)
Лично име Златарева, Галина Йорданова
Дати, свързани с автора 1954
9 (RLIN) 363759
700 1# - Други автори (авторска отговорност)
Лично име Григориев, Ана
Автороска отговорност (Описва отношението между автора и произведението) ил.
Пълна форма на името Сръбска художничка
9 (RLIN) 331546
852 ## - Местоположение
Форматна сигнатура Цб 263851
Фондова буква Хранилище
852 ## - Местоположение
Фондова буква Детски отдел
Систематично-азбучна сигнатура 821-93/ М 21
942 ## - АРТИКУЛИ
Вид на библиотечния материал Книги
Скрит в OPAC Не
Koha issues (borrowed), all copies 110
Периодичен библиозапис Да
944 ## - СЪЗДАВАНЕ И РЕДАКЦИЯ на ЗАПИСА
Създаване/Редакция Създаване
Дата на регистрацията/редакция 19.03.2014
Статус, дата на статуса Бояна Костадинова
Служител, извършил регистрацията/редакцията 30551
944 ## - СЪЗДАВАНЕ И РЕДАКЦИЯ на ЗАПИСА
Създаване/Редакция Редакция
Дата на регистрацията/редакция 2022-08-15
Служител, извършил регистрацията/редакцията Кети
999 ## - СИСТЕМНИ КОНТРОЛНИ НОМЕРА
Koha biblionumber 151750
Koha biblioitemnumber 151750
999 ## - СИСТЕМНИ КОНТРОЛНИ НОМЕРА
Koha biblioitemnumber 151750
999 ## - СИСТЕМНИ КОНТРОЛНИ НОМЕРА
Koha biblioitemnumber 151750
Наличности
Код за отписване Код за изгубен артикул Код за повреда Коз за рестрикции Код за отдаване Артикулен № Име на библиотеката - собственик Име на библиотеката, в която се намира в момента Статус (Текущо местоположение) Дата на вписване в системата Местоположение - отдел Цена в лева Инвентарен номер Систематично азбучна сигнатура Баркод Номер на екземпляра Цена в евро Служебна бележка Служебен тип на артикула Източник на класификационната схема
  Не е изгубен Не е повреден без рестрикции ползва се в читалня 253448 Регионална библиотека "Любен Каравелов" Русе Регионална библиотека "Любен Каравелов" Русе Хранилище 2014-03-19 Хранилище 2.80 120000775767 Цб 263851 120000775767 1 1.43 Дост: Dp Вид: Д N: 14 Дата: 01.04.2013 Книги  
Изтеглен Не е изгубен Не е повреден без рестрикции заемане за дома 253449 Регионална библиотека "Любен Каравелов" Русе Регионална библиотека "Любен Каравелов" Русе Детски отдел 2015-10-30 Детски отдел 2.80 120000794253 ДХ 820/899/М 21 120000794253 2 1.43 Дост: DA Вид: А N: 20 Дата: 30.10.2015 Дата инв: 02.11.2015 Бележки инв: Д2015 Книги  
Изтеглен Не е изгубен Не е повреден без рестрикции заемане за дома 253450 Регионална библиотека "Любен Каравелов" Русе Регионална библиотека "Любен Каравелов" Русе Детски отдел 2015-11-24 Детски отдел 2.80 120000794994 ДХ 820/899/М 21 120000794994 3 1.43 Дост: Pk Вид: Ф N: 444 Дата: 16.11.2015 Книги  
Изтеглен Не е изгубен Не е повреден без рестрикции заемане за дома 253451 Регионална библиотека "Любен Каравелов" Русе Регионална библиотека "Любен Каравелов" Русе Детски отдел 2017-07-14 Детски отдел 2.80 120000813385 ДХ 820/899/М 21 120000813385 4 1.43 Дост: DA Вид: А N: 30 Дата: 14.07.2017 Книги  
  Не е изгубен Не е повреден без рестрикции заемане за дома 900278 Регионална библиотека "Любен Каравелов" Русе Регионална библиотека "Любен Каравелов" Русе Детски отдел 2022-08-16 Детски отдел 2.47   821-93/М 21 Г 120000874203   1.26   Книги Universal Decimal Classification
  Не е изгубен Не е повреден без рестрикции заемане за дома 900279 Регионална библиотека "Любен Каравелов" Русе Регионална библиотека "Любен Каравелов" Русе Детски отдел 2022-08-16 Детски отдел 2.47   821-93/М 21 Г 120000874211   1.26   Книги Universal Decimal Classification
  Не е изгубен Не е повреден без рестрикции заемане за дома 900280 Регионална библиотека "Любен Каравелов" Русе Регионална библиотека "Любен Каравелов" Русе Детски отдел 2022-08-16 Детски отдел 2.47   821-93/М 21 Г 120000874247   1.26   Книги Universal Decimal Classification
  Не е изгубен Не е повреден   заемане за дома 940245 Регионална библиотека "Любен Каравелов" Русе Регионална библиотека "Любен Каравелов" Русе Детски отдел 2024-02-14 Детски отдел 2.80 120000899273 821-93/М 21 Г 120000899273   1.43   Книги Universal Decimal Classification
Vip Innovations Ltd, Rousse, Bulgaria 2025